Ankara'nın İlçeleri - Statistics

General Stats
  • This quiz has been taken 279 times
  • The average score is 15 of 25
Answer Stats
Answer % Correct
Çankaya
91%
Mamak
82%
Keçiören
81%
Polatlı
77%
Etimesgut
74%
Sincan
74%
Yenimahalle
74%
Altındağ
67%
Beypazarı
65%
Haymana
65%
Gölbaşı
62%
Kızılcahamam
60%
Bala
59%
Çubuk
57%
Kahramankazan
57%
Ayaş
56%
Elmadağ
52%
Nallıhan
52%
Şereflikoçhisar
52%
Pursaklar
49%
Evren
48%
Akyurt
46%
Güdül
41%
Kalecik
36%
Çamlıdere
35%
No matching quizzes found
Score Distribution
Percent of People with Each Score
Percentile by Number Answered
Your Score History
You have not taken this quiz